| 000 | 00658nam a2200241Ia 4500 | ||
|---|---|---|---|
| 003 | OSt | ||
| 005 | 20221007105728.0 | ||
| 006 | a|||||r|||| 00| 0 | ||
| 007 | ta | ||
| 008 | 221006b |||||||| |||| 00| 0 eng d | ||
| 024 | _a19,387 | ||
| 037 | _cTextual | ||
| 040 |
_aLCO _cLCO _beng |
||
| 041 |
_2eng _aeng |
||
| 082 | _aZ2,1941, K6 | ||
| 100 |
_aChowdhury Subrata Roy _9450085 |
||
| 245 | 0 | _aMilitary Alliances and Neutrality in War and Peace | |
| 260 |
_aBombay _bOrient Longmans India _c1966 |
||
| 300 | _a280 | ||
| 650 | _aMILITARY LAW | ||
| 942 |
_hZ2,1941, K6 _cTEXL |
||
| 999 |
_c1188950 _d1188950 |
||